Subsea Control and Data Acquisition for Oil and Gas Production Systems : (Record no. 4553)
[ view plain ]
| 000 -LEADER | |
|---|---|
| fixed length control field | 01409nac a22002771u 4500 |
| 008 - FIXED-LENGTH DATA ELEMENTS--GENERAL INFORMATION | |
| fixed length control field | 100905t xxu||||| |||| 00| 0 eng d |
| 010 ## - LIBRARY OF CONGRESS CONTROL NUMBER | |
| LC control number | 94007723 |
| 020 ## - INTERNATIONAL STANDARD BOOK NUMBER | |
| International Standard Book Number | 0792327799 (acid-free paper) |
| 082 00 - DEWEY DECIMAL CLASSIFICATION NUMBER | |
| Classification number | 622.33819 |
| 100 ## - MAIN ENTRY--PERSONAL NAME | |
| Personal name | 20080729 |
| 9 (RLIN) | 17941 |
| 245 00 - TITLE STATEMENT | |
| Title | Subsea Control and Data Acquisition for Oil and Gas Production Systems : |
| Remainder of title | papers presented at a conference organized by the Society for Underwater Technology and held in London, UK, April 20-21, 1994. |
| 260 ## - PUBLICATION, DISTRIBUTION, ETC. (IMPRINT) | |
| Place of publication, distribution, etc | Dordrecht ; |
| -- | Boston : |
| Name of publisher, distributor, etc | Kluwer Academic Publishers, |
| Date of publication, distribution, etc | c1994. |
| 300 ## - PHYSICAL DESCRIPTION | |
| Extent | viii, 252 p. : |
| Other physical details | ill. ; |
| Dimensions | 25 cm. |
| 440 #0 - | |
| -- | v. 32 |
| -- | 17942 |
| 490 ## - Series Statement | |
| -- | 17940 |
| Series statement | Advances in Underwater Technology, Ocean Science, and Offshore Engineering |
| 500 ## - GENERAL NOTE | |
| General note | Co-sponsored by the Institute of Measurement and Control. |
| 504 ## - BIBLIOGRAPHY, ETC. NOTE | |
| Bibliography, etc | Includes bibliographical references. |
| 650 #0 - SUBJECT ADDED ENTRY--TOPICAL TERM | |
| Topical term or geographic name as entry element | Offshore oil well drilling |
| Form subdivision | Congresses. |
| 9 (RLIN) | 17943 |
| 650 #0 - SUBJECT ADDED ENTRY--TOPICAL TERM | |
| Topical term or geographic name as entry element | Drilling platforms |
| General subdivision | Congresses. |
| 9 (RLIN) | 17944 |
| 650 #0 - SUBJECT ADDED ENTRY--TOPICAL TERM | |
| Topical term or geographic name as entry element | Oil wells |
| General subdivision | Management |
| -- | Congresses. |
| 9 (RLIN) | 17945 |
| 650 #0 - SUBJECT ADDED ENTRY--TOPICAL TERM | |
| Topical term or geographic name as entry element | Gas wells |
| General subdivision | Management |
| -- | Congresses. |
| 9 (RLIN) | 17946 |
| 710 2# - ADDED ENTRY--CORPORATE NAME | |
| Corporate name or jurisdiction name as entry element | Society for Underwater Technology. |
| 9 (RLIN) | 17947 |
| 710 2# - ADDED ENTRY--CORPORATE NAME | |
| Corporate name or jurisdiction name as entry element | Institute of Measurement and Control. |
| 9 (RLIN) | 17948 |
| 942 ## - ADDED ENTRY ELEMENTS (KOHA) | |
| Item type | Book - Borrowing |
| Call number prefix | 622.33819 SUB |
| Source of classification or shelving scheme | Dewey Decimal Classification |
| Withdrawn status | Item status | Damaged status | Not for loan | Home library | Current library | Shelving location | Date acquired | Source of acquisition | Total Checkouts | Total Renewals | Full call number | Barcode | Date last seen | Date last borrowed | Koha item type |
|---|---|---|---|---|---|---|---|---|---|---|---|---|---|---|---|
| Central Library | Central Library | First floor | 07/09/2010 | Purchase | 3 | 17 | 622.33819 SUB | 000005695 | 15/07/2025 | 28/11/2017 | Book - Borrowing |